[Event "37. Copenhagen Open (Politiken Cup)"]
[Site "Elsinore"]
[Date "2015.07.31"]
[Round "8"]
[White "Carstensen, Jacob"]
[Black "Lien, Kjell Hakon"]
[Result "1/2-1/2"]
[WhiteElo "2336"]
[BlackElo "2133"]
[PlyCount "69"]
[EventDate "2015.07.25"]
[EventType "swiss"]
[EventRounds "10"]
[EventCountry "DEN"]
[Source "ChessBase"]
[SourceDate "2015.09.14"]

1. d4 e6 2. e4 d5 3. exd5 exd5 4. Bd3 Bd6 5. Qf3 c6 6. Ne2 Qf6 7. Nd2 Nd7 8. c3
Ne7 9. Ng3 Qxf3 10. Nxf3 Nf6 11. Bg5 Bxg3 12. hxg3 Ne4 13. Bxe7 Kxe7 14. Bxe4
dxe4 15. Ng5 Bf5 16. g4 Bxg4 17. Nxe4 Bf5 18. f3 Rae8 19. Kd2 Kd7 20. Rae1 b6
21. g4 Bg6 22. Ng3 Rxe1 23. Rxe1 Re8 24. Rh1 h6 25. c4 a5 26. b3 Rf8 27. Nh5
Bxh5 28. Rxh5 Re8 29. a3 Re7 30. b4 axb4 31. axb4 Kd6 32. b5 Ra7 33. Ke3 Ra3+
34. Ke4 Rc3 35. bxc6 1/2-1/2

[Event "37. Copenhagen Open (Politiken Cup)"]
[Site "Elsinore"]
[Date "2015.07.31"]
[Round "8"]
[White "Chabanon, Jean Luc"]
[Black "Ekeberg, Carl Fredrik"]
[Result "1-0"]
[WhiteElo "2493"]
[BlackElo "2267"]
[PlyCount "55"]
[EventDate "2015.07.25"]
[EventType "swiss"]
[EventRounds "10"]
[EventCountry "DEN"]
[Source "ChessBase"]
[SourceDate "2015.09.14"]

1. Nf3 Nf6 2. d4 e6 3. c4 b6 4. Nc3 Bb7 5. e3 Bb4 6. Bd3 Ne4 7. Qc2 f5 8. O-O
Bxc3 9. bxc3 O-O 10. Nd2 Qh4 11. f3 Nxd2 12. Bxd2 d6 13. Rae1 Nd7 14. e4 f4 15.
Qa4 Qe7 16. g3 g5 17. h4 e5 18. hxg5 Qxg5 19. Re2 Qg7 20. Rg2 fxg3 21. Be1 Rf6
22. Rxg3 Rg6 23. Rxg6 hxg6 24. c5 dxc5 25. Bc4+ Kh8 26. Bg3 cxd4 27. Kg2 Qe7
28. Qxd7 1-0

[Event "37. Copenhagen Open (Politiken Cup)"]
[Site "Elsinore"]
[Date "2015.07.31"]
[Round "8"]
[White "De Strycker, Nathan"]
[Black "Pedersen, Lars Foldager"]
[Result "1-0"]
[WhiteElo "2097"]
[BlackElo "1907"]
[PlyCount "49"]
[EventDate "2015.07.25"]
[EventType "swiss"]
[EventRounds "10"]
[EventCountry "DEN"]
[Source "ChessBase"]
[SourceDate "2015.09.14"]

1. d4 d5 2. c4 e6 3. Nc3 f5 4. Nf3 c6 5. g3 Nf6 6. Bg2 Be7 7. O-O O-O 8. b3 Ne4
9. Bb2 Nd7 10. Ne1 Bg5 11. Nxe4 fxe4 12. Nc2 Bf6 13. f3 dxc4 14. fxe4 cxb3 15.
axb3 Qb6 16. Qd3 Rd8 17. e3 e5 18. Qc4+ Kh8 19. Bc3 c5 20. Ba5 Qd6 21. Bxd8
Bxd8 22. dxc5 Nxc5 23. Rad1 Qe7 24. Qxc5 Qxc5 25. Rxd8+ 1-0

[Event "37. Copenhagen Open (Politiken Cup)"]
[Site "Elsinore"]
[Date "2015.07.31"]
[Round "8"]
[White "Ekberg, Jacob"]
[Black "Opasiak, Dustin Tennessee"]
[Result "0-1"]
[WhiteElo "1656"]
[BlackElo "1791"]
[PlyCount "64"]
[EventDate "2015.07.25"]
[EventType "swiss"]
[EventRounds "10"]
[EventCountry "DEN"]
[Source "ChessBase"]
[SourceDate "2015.09.14"]

1. d4 c5 2. c4 cxd4 3. Nf3 Qa5+ 4. Qd2 Qxd2+ 5. Nbxd2 Nc6 6. Nb3 e5 7. a3 Nge7
8. e3 dxe3 9. Bxe3 Nf5 10. Bd2 d6 11. Be2 Be7 12. Bc3 O-O 13. Rd1 Be6 14. g4
Nh6 15. h3 f5 16. g5 Nf7 17. Na5 Nxa5 18. Bxa5 Rac8 19. b3 b6 20. Bb4 a5 21.
Bc3 a4 22. Rb1 axb3 23. Rxb3 Bxc4 24. Bxc4 Rxc4 25. Bd2 e4 26. Ng1 Bxg5 27.
Bxg5 Nxg5 28. Ne2 Nf3+ 29. Kd1 Rfc8 30. Rxb6 d5 31. Rb2 d4 32. h4 d3 0-1

[Event "37. Copenhagen Open (Politiken Cup)"]
[Site "Elsinore"]
[Date "2015.07.31"]
[Round "8"]
[White "Eriksson, Christian Altenburg"]
[Black "Antonsen, Mikkel"]
[Result "1-0"]
[WhiteElo "2175"]
[BlackElo "2469"]
[PlyCount "75"]
[EventDate "2015.07.25"]
[EventType "swiss"]
[EventRounds "10"]
[EventCountry "DEN"]
[Source "ChessBase"]
[SourceDate "2015.09.14"]

1. e4 e6 2. d4 d5 3. e5 c5 4. c3 Qb6 5. Nf3 Nc6 6. a3 c4 7. Nbd2 Na5 8. g3 Bd7
9. h4 O-O-O 10. Bh3 f5 11. exf6 gxf6 12. O-O Nh6 13. Re1 Nf5 14. Rb1 Bd6 15.
Nf1 Rhg8 16. Bxf5 exf5 17. Ne3 Qc6 18. Ng2 f4 19. Bxf4 Bf5 20. Nd2 Bxb1 21.
Qxb1 Bxf4 22. Nxf4 Qd7 23. Re6 Rgf8 24. Qf5 Kb8 25. Nf1 Rfe8 26. Qxf6 Rxe6 27.
Nxe6 Re8 28. Nf4 Re1 29. Qf8+ Re8 30. Qf6 Re1 31. Kg2 Nc6 32. Ne3 Ne7 33. Ne6
Qd6 34. Qh8+ Nc8 35. Nf4 Rb1 36. Qxh7 Rxb2 37. Qf7 Qxa3 38. Nfxd5 1-0

[Event "37. Copenhagen Open (Politiken Cup)"]
[Site "Elsinore"]
[Date "2015.07.31"]
[Round "8"]
[White "Eriksson, Kristian"]
[Black "Nielsen, Carsten Juul"]
[Result "1/2-1/2"]
[WhiteElo "2164"]
[BlackElo "2023"]
[PlyCount "71"]
[EventDate "2015.07.25"]
[EventType "swiss"]
[EventRounds "10"]
[EventCountry "DEN"]
[Source "ChessBase"]
[SourceDate "2015.09.14"]

1. e4 c5 2. Nf3 Nf6 3. Nc3 d5 4. exd5 Nxd5 5. Ne5 e6 6. Bb5+ Nd7 7. Nxd5 exd5
8. Qf3 Qe7 9. Qxd5 f6 10. Bxd7+ Bxd7 11. Qxd7+ Qxd7 12. Nxd7 Kxd7 13. d3 Bd6
14. Be3 Rhe8 15. O-O-O Re6 16. g3 f5 17. d4 c4 18. c3 a6 19. Rde1 Rae8 20. Bd2
f4 21. Kd1 g5 22. g4 Rh6 23. Rxe8 Kxe8 24. Ke2 Kd7 25. h3 Ke6 26. f3 Kd5 27.
Kf2 Be7 28. Re1 Re6 29. Rxe6 Kxe6 30. h4 h6 31. h5 Kd5 32. Ke2 b5 33. Kd1 a5
34. Kc2 a4 35. Be1 Bd6 36. a3 1/2-1/2

[Event "37. Copenhagen Open (Politiken Cup)"]
[Site "Elsinore"]
[Date "2015.07.31"]
[Round "8"]
[White "Fabrin, Morten"]
[Black "Gottschalck, Christian"]
[Result "1-0"]
[WhiteElo "2009"]
[BlackElo "1830"]
[PlyCount "61"]
[EventDate "2015.07.25"]
[EventType "swiss"]
[EventRounds "10"]
[EventCountry "DEN"]
[Source "ChessBase"]
[SourceDate "2015.09.14"]

1. Nf3 c5 2. e4 Nc6 3. Bb5 d6 4. O-O Bd7 5. Re1 a6 6. Bf1 g6 7. c3 Bg7 8. h3 b5
9. d4 cxd4 10. cxd4 e6 11. Nc3 Na5 12. Bf4 Qb6 13. Rc1 Rc8 14. Be3 Qb7 15. b3
Ne7 16. Bg5 f6 17. Bf4 Qb6 18. e5 dxe5 19. dxe5 f5 20. Bg5 Ng8 21. Qd3 Nb7 22.
Be3 Qd8 23. Red1 Nc5 24. Qe2 Bh6 25. Bxh6 Nxh6 26. Qe3 Nf7 27. Nxb5 Nxb3 28.
axb3 Rxc1 29. Qxc1 Qc8 30. Qxc8+ Bxc8 31. Nc7+ 1-0

[Event "37. Copenhagen Open (Politiken Cup)"]
[Site "Elsinore"]
[Date "2015.07.31"]
[Round "8"]
[White "Fedchuk, Kirill"]
[Black "Hojgaard, Brandur"]
[Result "0-1"]
[WhiteElo "1631"]
[BlackElo "1787"]
[PlyCount "74"]
[EventDate "2015.07.25"]
[EventType "swiss"]
[EventRounds "10"]
[EventCountry "DEN"]
[Source "ChessBase"]
[SourceDate "2015.09.14"]

1. c4 e6 2. Nc3 g6 3. Nf3 Bg7 4. d4 d5 5. Bf4 c6 6. e3 Nf6 7. h3 O-O 8. c5 Re8
9. b4 Nbd7 10. Bd3 Nh5 11. Bd6 e5 12. dxe5 Nxe5 13. Rc1 Nxf3+ 14. Qxf3 d4 15.
Ne2 dxe3 16. fxe3 Qh4+ 17. Kd2 Qxb4+ 18. Kd1 Bh6 19. Rf1 Be6 20. g4 Ng7 21. Nf4
Bxf4 22. Qxf4 Qxf4 23. Bxf4 Bxa2 24. Kd2 Rad8 25. Ke2 Ne6 26. Rc3 Nxf4+ 27.
Rxf4 Be6 28. Rb4 Rd7 29. Ra3 Red8 30. e4 a6 31. Ke3 Re7 32. Ra1 Bc8 33. Rf1 Kg7
34. Bc4 Rde8 35. Bb3 f5 36. gxf5 Bxf5 37. Bc2 Bxh3 0-1

[Event "37. Copenhagen Open (Politiken Cup)"]
[Site "Elsinore"]
[Date "2015.07.31"]
[Round "8"]
[White "Fernandez, Daniel Howard"]
[Black "Naroditsky, Daniel"]
[Result "0-1"]
[WhiteElo "2472"]
[BlackElo "2622"]
[PlyCount "128"]
[EventDate "2015.07.25"]
[EventType "swiss"]
[EventRounds "10"]
[EventCountry "DEN"]
[Source "ChessBase"]
[SourceDate "2015.09.14"]

1. d4 Nf6 2. Bg5 Ne4 3. Bf4 Nc6 4. Nd2 Nxd2 5. Qxd2 d5 6. h3 Bf5 7. e3 a6 8.
Nf3 e6 9. a3 Bd6 10. Bxd6 cxd6 11. Bd3 Be4 12. Bxe4 dxe4 13. Ng1 Qg5 14. f4
Qh4+ 15. Qf2 Qxf2+ 16. Kxf2 Rc8 17. Ne2 Na5 18. c3 d5 19. a4 Kd7 20. g4 Rc6 21.
h4 Rb6 22. b4 Nc4 23. h5 Rc6 24. g5 Rhc8 25. Rh3 a5 26. bxa5 Nxa5 27. g6 fxg6
28. hxg6 h6 29. Rh5 Rb6 30. f5 Rf8 31. Nf4 exf5 32. Rhh1 Rb2+ 33. Kg3 Rb3 34.
Rab1 Rxc3 35. Nxd5 Rc6 36. Rb5 Rxg6+ 37. Kf2 Ra6 38. Rc1 Rc6 39. Rxc6 bxc6 40.
Rxa5 cxd5 41. Ra7+ Ke6 42. Rxg7 f4 43. Rg6+ Kd7 44. Rxh6 fxe3+ 45. Ke1 Ra8 46.
Ke2 Rxa4 47. Kxe3 Ra1 48. Kf4 Rf1+ 49. Ke5 e3 50. Rh2 Rf2 51. Rh7+ Kc6 52. Rh6+
Kb5 53. Kxd5 Rf5+ 54. Ke4 e2 55. Kxf5 e1=Q 56. Re6 Qf2+ 57. Ke5 Qe3+ 58. Kd5
Qf3+ 59. Re4 Qg2 60. Ke5 Qg5+ 61. Kd6 Qf6+ 62. Kd5 Qf3 63. Ke5 Kc6 64. d5+ Kc5
0-1

[Event "37. Copenhagen Open (Politiken Cup)"]
[Site "Elsinore"]
[Date "2015.07.31"]
[Round "8"]
[White "Fjallheim, Elmar Reinert"]
[Black "Sorensen, Dick"]
[Result "1/2-1/2"]
[WhiteElo "1601"]
[BlackElo "1911"]
[PlyCount "36"]
[EventDate "2015.07.25"]
[EventType "swiss"]
[EventRounds "10"]
[EventCountry "DEN"]
[Source "ChessBase"]
[SourceDate "2015.09.14"]

1. e4 g6 2. d4 Bg7 3. Nf3 d6 4. h3 Nf6 5. Bd3 O-O 6. Bg5 c6 7. Nc3 b5 8. a3 a6
9. Qd2 Qc7 10. O-O e6 11. Bf4 Nh5 12. Bh6 e5 13. Bxg7 Kxg7 14. dxe5 dxe5 15.
Ne2 f6 16. c4 Be6 17. cxb5 axb5 18. Qc2 Qb6 1/2-1/2

[Event "37. Copenhagen Open (Politiken Cup)"]
[Site "Elsinore"]
[Date "2015.07.31"]
[Round "8"]
[White "Fjallheim, Leif Reinert"]
[Black "Christophersen, David"]
[Result "0-1"]
[WhiteElo "1530"]
[BlackElo "1854"]
[PlyCount "62"]
[EventDate "2015.07.25"]
[EventType "swiss"]
[EventRounds "10"]
[EventCountry "DEN"]
[Source "ChessBase"]
[SourceDate "2015.09.14"]

1. e4 d6 2. d4 Nf6 3. Nc3 g6 4. Bg5 Bg7 5. Qd2 c6 6. Nf3 Bg4 7. Bc4 Qa5 8. h3
Bxf3 9. gxf3 h6 10. Be3 Nbd7 11. d5 Ne5 12. Be2 cxd5 13. exd5 Rc8 14. a3 Nc4
15. Bxc4 Rxc4 16. b4 Rxb4 17. Qd3 Nxd5 18. Nxd5 Rd4+ 19. Bd2 Rxd3 20. Bxa5 Rxd5
21. Rb1 Rxa5 22. Rxb7 Rxa3 23. O-O Bf6 24. h4 O-O 25. h5 gxh5 26. Kh2 Kh7 27.
c4 Be5+ 28. Kg2 Rg8+ 29. Kh3 Rxf3+ 30. Kh4 Bf6+ 31. Kxh5 Rh3# 0-1

[Event "37. Copenhagen Open (Politiken Cup)"]
[Site "Elsinore"]
[Date "2015.07.31"]
[Round "8"]
[White "Fjellengen, Bard"]
[Black "Jensen, Hans Askov"]
[Result "1-0"]
[WhiteElo "1749"]
[BlackElo "1473"]
[PlyCount "67"]
[EventDate "2015.07.25"]
[EventType "swiss"]
[EventRounds "10"]
[EventCountry "DEN"]
[Source "ChessBase"]
[SourceDate "2015.09.14"]

1. d4 Nf6 2. c4 c5 3. e3 d6 4. Nc3 cxd4 5. exd4 g6 6. Nf3 Bg7 7. Be2 O-O 8. O-O
Nbd7 9. Qc2 b6 10. Rd1 Bb7 11. b4 Qc7 12. Nb5 Qc8 13. Bb2 Nd5 14. Qd2 N5f6 15.
d5 a6 16. Nbd4 a5 17. a3 Re8 18. Nb5 Qb8 19. Nc3 e5 20. dxe6 Rxe6 21. Nd4 Ne4
22. Nxe4 Rxe4 23. Bf3 Re7 24. Bxb7 Qxb7 25. Nb5 Bxb2 26. Qxb2 axb4 27. Nxd6 Qc6
28. Qxb4 Re2 29. Kf1 Re5 30. Qd2 Nc5 31. Qf4 Re7 32. Qf6 Rea7 33. Re1 Rd8 34.
Qxd8+ 1-0

[Event "37. Copenhagen Open (Politiken Cup)"]
[Site "Elsinore"]
[Date "2015.07.31"]
[Round "8"]
[White "Fossan, Benjamin"]
[Black "Jensen, Michael Agermose"]
[Result "1/2-1/2"]
[WhiteElo "1697"]
[BlackElo "1984"]
[PlyCount "174"]
[EventDate "2015.07.25"]
[EventType "swiss"]
[EventRounds "10"]
[EventCountry "DEN"]
[Source "ChessBase"]
[SourceDate "2015.09.14"]

1. e4 c5 2. Nf3 d6 3. Bb5+ Bd7 4. Bxd7+ Qxd7 5. O-O Nc6 6. Nc3 g6 7. b3 Bg7 8.
Bb2 e5 9. d3 Nge7 10. Nd2 Bh6 11. Ne2 f5 12. f4 Rg8 13. Nc4 b5 14. Ne3 Nd4 15.
g3 g5 16. Nxd4 exd4 17. Qh5+ Rg6 18. exf5 Nxf5 19. Nxf5 Qxf5 20. g4 Qf7 21.
fxg5 Qd5 22. Rf5 Qe6 23. gxh6 O-O-O 24. Raf1 Kc7 25. Bc1 Rdg8 26. h3 Qe2 27.
R5f2 Rxg4+ 28. hxg4 Rxg4+ 29. Qxg4 Qxg4+ 30. Rg2 Qe6 31. Bd2 Kb6 32. Rf8 Qh3
33. Rf7 Qh5 34. Rf1 Kc6 35. Re1 Qf3 36. Ree2 Qh5 37. Kf1 Qf3+ 38. Ke1 Qh3 39.
Rgf2 c4 40. dxc4 bxc4 41. Kd1 c3 42. Bf4 Qh5 43. Rf1 Qh3 44. Ref2 Qh5+ 45. Kc1
a5 46. a4 Qc5 47. Kb1 d3 48. cxd3 Qa3 49. Ra2 Qxb3+ 50. Ka1 Qd5 51. Rc2 Qd4 52.
Kb1 Qb4+ 53. Kc1 Qa3+ 54. Kd1 Qxa4 55. Bd2 Kd7 56. Bxc3 Qb5 57. Rf3 Qh5 58.
Rcf2 Qxh6 59. Bxa5 Qh5 60. Bd2 Qg4 61. Ke1 h5 62. Rf4 Qg3 63. R4f3 Qg1+ 64. Rf1
Qg4 65. Kf2 h4 66. Ke1 h3 67. Bf4 Qh4+ 68. R1f2 Qg4 69. Kf1 Kc6 70. Ke2 Kd7 71.
Rh2 Qe6+ 72. Kf2 Qa2+ 73. Kg3 Qg8+ 74. Kxh3 Qd5 75. Rhf2 Kc6 76. Kg2 Qh5 77.
Bg3 Qd5 78. Rc2+ Kd7 79. Rb2 Kc6 80. Rbf2 Kd7 81. Bxd6 Kxd6 82. Kf1 Qb3 83.
Rf6+ Ke7 84. R6f3 Qc3 85. Re2+ Kd6 86. Kf2 Qd4+ 87. Ree3 Qb2+ 1/2-1/2

[Event "37. Copenhagen Open (Politiken Cup)"]
[Site "Elsinore"]
[Date "2015.07.31"]
[Round "8"]
[White "Fossan, Petter"]
[Black "Holm, Ragnar"]
[Result "1/2-1/2"]
[WhiteElo "2308"]
[BlackElo "2124"]
[PlyCount "112"]
[EventDate "2015.07.25"]
[EventType "swiss"]
[EventRounds "10"]
[EventCountry "DEN"]
[Source "ChessBase"]
[SourceDate "2015.09.14"]

1. e4 e6 2. d4 d5 3. Nd2 Nf6 4. e5 Nfd7 5. c3 c5 6. Bd3 Nc6 7. Ne2 cxd4 8. cxd4
f6 9. exf6 Nxf6 10. Nf3 Bd6 11. O-O O-O 12. Bf4 Bxf4 13. Nxf4 Ne4 14. Qc1 Qf6
15. Ne2 e5 16. dxe5 Nxe5 17. Bxe4 dxe4 18. Nxe5 Qxe5 19. Qc3 Qxc3 20. Nxc3 Bf5
21. Rad1 Rad8 22. Rxd8 Rxd8 23. Rd1 Rxd1+ 24. Nxd1 Kf7 25. Kf1 Ke6 26. Ke1 Ke5
27. Kd2 Kd4 28. b3 Bg4 29. Ne3 Be6 30. Nc2+ Ke5 31. Kc3 Kd5 32. Kb4 Bd7 33. a4
g6 34. Kc3 h5 35. h4 Be8 36. Ne3+ Ke5 37. a5 Bd7 38. g3 Be8 39. Ng2 Bd7 40. Nf4
Be8 41. Ng2 Bd7 42. Ne3 Be6 43. Nc2 Bf7 44. Nd4 Be8 45. b4 Kd5 46. Ne2 Bf7 47.
Nd4 Be8 48. Nc2 Bb5 49. Ne3+ Ke5 50. Ng2 Be8 51. Nf4 Bf7 52. Nh3 Kd5 53. Ng1
Ke5 54. Ne2 Kd5 55. Nd4 Be8 56. Ne2 Bf7 1/2-1/2

[Event "37. Copenhagen Open (Politiken Cup)"]
[Site "Elsinore"]
[Date "2015.07.31"]
[Round "8"]
[White "Fransson, Pia"]
[Black "Nielsen, Palle"]
[Result "1/2-1/2"]
[WhiteElo "1511"]
[BlackElo "1751"]
[PlyCount "39"]
[EventDate "2015.07.25"]
[EventType "swiss"]
[EventRounds "10"]
[EventCountry "DEN"]
[Source "ChessBase"]
[SourceDate "2015.09.14"]

1. d4 Nf6 2. c4 c6 3. Nf3 g6 4. g3 Bg7 5. Bg2 O-O 6. O-O d5 7. b3 dxc4 8. bxc4
Na6 9. Bb2 Be6 10. Nbd2 Qc7 11. e4 Nh5 12. Rb1 Rad8 13. d5 Bc8 14. Qe2 c5 15.
e5 Bf5 16. Ne4 b6 17. Nh4 Bxe4 18. Bxe4 Bh6 19. f4 Ng7 20. Nf3 1/2-1/2

[Event "37. Copenhagen Open (Politiken Cup)"]
[Site "Elsinore"]
[Date "2015.07.31"]
[Round "8"]
[White "Frisvold, Ole Emil"]
[Black "Fossan, Andreas"]
[Result "1-0"]
[WhiteElo "2063"]
[BlackElo "1840"]
[PlyCount "113"]
[EventDate "2015.07.25"]
[EventType "swiss"]
[EventRounds "10"]
[EventCountry "DEN"]
[Source "ChessBase"]
[SourceDate "2015.09.14"]

1. d4 d5 2. c4 c6 3. Nf3 Nf6 4. e3 a6 5. Bd3 Bg4 6. Nbd2 Nbd7 7. Qb3 Qc7 8.
cxd5 cxd5 9. h3 Bxf3 10. Nxf3 e6 11. Bd2 Qb6 12. Qa4 Be7 13. Ne5 Qd8 14. Ba5 b6
15. Nc6 Qc7 16. Nxe7 bxa5 17. Nc6 Nb6 18. Qc2 Rc8 19. Rc1 Nc4 20. Bxc4 dxc4 21.
Ne5 O-O 22. O-O Rfe8 23. Qe2 Qb7 24. Rc2 Nd5 25. Rxc4 Rxc4 26. Nxc4 Qb5 27. Rc1
Rc8 28. Qf1 Qc6 29. b3 a4 30. Qd3 axb3 31. axb3 Nb6 32. Rc2 Rb8 33. Na5 Qb5 34.
Qxb5 axb5 35. Rc7 Nd5 36. Rb7 Rxb7 37. Nxb7 Kf8 38. Kf1 Ke7 39. Ke2 Kd7 40. e4
Nf6 41. Kd3 Kc7 42. Nc5 Kc6 43. Ke3 Ng8 44. Nd3 Kd6 45. f4 Ne7 46. Nb4 Nc8 47.
g4 Nb6 48. e5+ Kd7 49. Ke4 Nc8 50. d5 exd5+ 51. Kxd5 Ne7+ 52. Kc5 h5 53. Kxb5
g5 54. f5 hxg4 55. hxg4 Ng8 56. Nd5 Nh6 57. Nf6+ 1-0

[Event "37. Copenhagen Open (Politiken Cup)"]
[Site "Elsinore"]
[Date "2015.07.31"]
[Round "8"]
[White "Glud, Jakob Vang"]
[Black "Veng, Johny"]
[Result "1-0"]
[WhiteElo "2531"]
[BlackElo "2294"]
[PlyCount "67"]
[EventDate "2015.07.25"]
[EventType "swiss"]
[EventRounds "10"]
[EventCountry "DEN"]
[Source "ChessBase"]
[SourceDate "2015.09.14"]

1. c4 Nf6 2. g3 e5 3. Bg2 c6 4. d4 Bb4+ 5. Bd2 Bxd2+ 6. Qxd2 e4 7. d5 O-O 8.
Nc3 Re8 9. Qd4 d6 10. Nxe4 Nxe4 11. Bxe4 c5 12. Qd3 Qa5+ 13. Kf1 g6 14. h4 Nd7
15. h5 Nf6 16. f3 Nxh5 17. Rxh5 gxh5 18. f4 b5 19. Nf3 Qb4 20. b3 Bg4 21. Kf2
bxc4 22. bxc4 Rab8 23. Bxh7+ Kg7 24. Bf5 Bxf3 25. Kxf3 Qb2 26. Rb1 Qxb1 27.
Qc3+ f6 28. Bxb1 Rxb1 29. Qa5 Rf1+ 30. Kg2 Rc1 31. Qc7+ Kg8 32. Qxd6 Rxc4 33.
Qxf6 Rxe2+ 34. Kh3 1-0

[Event "37. Copenhagen Open (Politiken Cup)"]
[Site "Elsinore"]
[Date "2015.07.31"]
[Round "8"]
[White "Greeuw, Sietske"]
[Black "Boukhris, Yacine"]
[Result "1/2-1/2"]
[WhiteElo "1989"]
[BlackElo "2163"]
[PlyCount "40"]
[EventDate "2015.07.25"]
[EventType "swiss"]
[EventRounds "10"]
[EventCountry "DEN"]
[Source "ChessBase"]
[SourceDate "2015.09.14"]

1. e4 e6 2. d4 d5 3. Nd2 Be7 4. Ngf3 Nf6 5. e5 Nfd7 6. Bd3 c5 7. c3 Nc6 8. O-O
a5 9. Re1 cxd4 10. cxd4 g5 11. Nb3 g4 12. Nfd2 a4 13. Qxg4 b6 14. Qg7 Rf8 15.
Bxh7 Ndb8 16. Re3 Qc7 17. Nf3 axb3 18. Rxb3 Rxa2 19. Rxa2 Nxd4 20. Rc3 Ne2+
1/2-1/2

[Event "37. Copenhagen Open (Politiken Cup)"]
[Site "Elsinore"]
[Date "2015.07.31"]
[Round "8"]
[White "Grigoriants, Sergey"]
[Black "Kristiansen, Jens"]
[Result "1/2-1/2"]
[WhiteElo "2594"]
[BlackElo "2423"]
[PlyCount "55"]
[EventDate "2015.07.25"]
[EventType "swiss"]
[EventRounds "10"]
[EventCountry "DEN"]
[Source "ChessBase"]
[SourceDate "2015.09.14"]

1. e4 d6 2. d4 Nf6 3. Nc3 g6 4. Be3 c6 5. Qd2 b5 6. Bd3 Nbd7 7. Nf3 e5 8. O-O
Bb7 9. Ne2 a6 10. a4 exd4 11. Bxd4 Bg7 12. axb5 cxb5 13. Qf4 O-O 14. Ng3 Nc5
15. Bc3 Re8 16. Rfe1 Na4 17. Bd4 Nc5 18. Qd2 Rc8 19. Re2 Ne6 20. Bc3 Nd7 21.
Bxg7 Kxg7 22. Qb4 Ne5 23. Re3 Qb6 24. Qd2 Ng4 25. Ree1 Ne5 26. Re3 Ng4 27. Ree1
Ne5 28. Re3 1/2-1/2

[Event "37. Copenhagen Open (Politiken Cup)"]
[Site "Elsinore"]
[Date "2015.07.31"]
[Round "8"]
[White "Haldorsen, Benjamin"]
[Black "Marin, Mihail"]
[Result "0-1"]
[WhiteElo "2302"]
[BlackElo "2579"]
[PlyCount "116"]
[EventDate "2015.07.25"]
[EventType "swiss"]
[EventRounds "10"]
[EventCountry "DEN"]
[Source "ChessBase"]
[SourceDate "2015.09.14"]

1. e4 e5 2. Nf3 Nc6 3. Bb5 a6 4. Ba4 Nf6 5. O-O Be7 6. Re1 b5 7. Bb3 d6 8. c3
O-O 9. h3 h6 10. d4 Re8 11. Nbd2 Bf8 12. Nf1 Bd7 13. Ng3 Na5 14. Bc2 Nc4 15. a4
c5 16. axb5 axb5 17. Rxa8 Qxa8 18. b3 Nb6 19. Be3 Qa5 20. dxe5 dxe5 21. Qa1
Qxa1 22. Rxa1 Bc6 23. Kf1 Nfd7 24. Ke2 g6 25. Nd2 Ra8 26. Rxa8 Nxa8 27. f3 Nc7
28. Nh1 h5 29. Nf2 Be7 30. g4 h4 31. Nd3 Ne6 32. Ne1 Ng5 33. Bxg5 Bxg5 34. Ng2
Nf8 35. Nf1 Ne6 36. Bd1 Kf8 37. Nfe3 Ke7 38. c4 Bxe3 39. Kxe3 Kf6 40. Nxh4 Nf4
41. Kf2 Nxh3+ 42. Ke3 Nf4 43. Kf2 bxc4 44. bxc4 Ke7 45. Ng2 Nxg2 46. Kxg2 Kd6
47. Kf2 Kc7 48. g5 Kb6 49. Ke3 Ka5 50. f4 Kb4 51. Be2 Ba4 52. fxe5 Bd7 53. e6
Bxe6 54. Kf4 Bxc4 55. Bg4 Bb3 56. e5 Be6 57. Bd1 c4 58. Ke3 Kc3 0-1

[Event "37. Copenhagen Open (Politiken Cup)"]
[Site "Elsinore"]
[Date "2015.07.31"]
[Round "8"]
[White "Halse, Iver"]
[Black "Nilsen, Tobias Lang"]
[Result "1-0"]
[WhiteElo "1560"]
[BlackElo "1855"]
[PlyCount "129"]
[EventDate "2015.07.25"]
[EventType "swiss"]
[EventRounds "10"]
[EventCountry "DEN"]
[Source "ChessBase"]
[SourceDate "2015.09.14"]

1. e4 e6 2. d4 d5 3. exd5 exd5 4. Bd3 c5 5. dxc5 Bxc5 6. Nf3 Nf6 7. Nc3 O-O 8.
O-O Nc6 9. Bg5 Be6 10. a3 Rc8 11. Rb1 Bd6 12. Re1 Re8 13. Bb5 a6 14. Ba4 b5 15.
Bb3 d4 16. Ne4 Be7 17. Bxe6 fxe6 18. Bxf6 Bxf6 19. Nc5 e5 20. Ne4 Be7 21. Qd2
Bf6 22. Ng3 Na5 23. Ne4 Nc4 24. Qd3 Nd6 25. Nxd6 Qxd6 26. Re4 Qc5 27. Rc1 Qc4
28. Qxc4+ bxc4 29. Kf1 g6 30. g4 Bg7 31. Rce1 Rc5 32. Nxd4 c3 33. b3 Kf7 34. f4
Rd5 35. Nf3 Kg8 36. fxe5 Rf8 37. Kg2 Kf7 38. e6+ Ke7 39. Rb4 Rd2+ 40. Nxd2 cxd2
41. Rb7+ Kd6 42. Rd1 Bh6 43. Rxh7 Be3 44. Rd7+ Kxe6 45. R7xd2 Bxd2 46. Rxd2 Rc8
47. c4 Ke5 48. Kg3 Ke4 49. Rd6 Rb8 50. b4 g5 51. Rxa6 Rf8 52. Re6+ Kd4 53. Rg6
Ra8 54. Rxg5 Rxa3+ 55. Kh4 Kxc4 56. Re5 Kd4 57. Re8 Rb3 58. g5 Rxb4 59. Kh5 Rb2
60. h4 Rh2 61. g6 Kd5 62. g7 Rg2 63. g8=Q+ Rxg8 64. Rxg8 Ke6 65. Kg6 1-0

[Event "37. Copenhagen Open (Politiken Cup)"]
[Site "Elsinore"]
[Date "2015.07.31"]
[Round "8"]
[White "Hansen, Anders1"]
[Black "Alfven, Jorgen"]
[Result "1-0"]
[WhiteElo "1704"]
[BlackElo "1932"]
[PlyCount "115"]
[EventDate "2015.07.25"]
[EventType "swiss"]
[EventRounds "10"]
[EventCountry "DEN"]
[Source "ChessBase"]
[SourceDate "2015.09.14"]

1. b3 Nf6 2. Bb2 d5 3. Nf3 e6 4. g3 Nbd7 5. Bg2 Bd6 6. d3 O-O 7. O-O c5 8. Nbd2
Qc7 9. Re1 Rd8 10. Qb1 e5 11. e4 d4 12. c3 Nf8 13. cxd4 cxd4 14. Nc4 Ng6 15.
Rc1 Qe7 16. Nxd6 Qxd6 17. a4 h6 18. Ba3 Qa6 19. h3 Be6 20. Nd2 Rac8 21. Rxc8
Rxc8 22. Nc4 Qc6 23. Nd6 Rd8 24. Nf5 Qc3 25. Bf1 Bxb3 26. Be7 Rd7 27. Ra3 Bc2
28. Rxc3 Bxb1 29. Rc8+ Kh7 30. Bd6 Ba2 31. Bb8 b6 32. Rc7 Rxc7 33. Bxc7 Bb3 34.
a5 Nd7 35. axb6 axb6 36. Nd6 Ne7 37. f4 f6 38. fxe5 fxe5 39. Nc4 Bxc4 40. dxc4
Nc6 41. Kf2 Kg6 42. Be2 Nc5 43. Bxb6 Nxe4+ 44. Kg2 Nd2 45. c5 e4 46. Bb5 Ne5
47. c6 Ndc4 48. Bxd4 Nd6 49. Ba4 Nec4 50. c7 Kf7 51. Bb3 Ke7 52. Bxc4 Kd7 53.
Be2 Kxc7 54. Bxg7 Nf5 55. Be5+ Kc6 56. Bf4 Kd5 57. g4 Nd4 58. Bd1 1-0

[Event "37. Copenhagen Open (Politiken Cup)"]
[Site "Elsinore"]
[Date "2015.07.31"]
[Round "8"]
[White "Hansen, Sune Berg"]
[Black "Matthiesen, Martin"]
[Result "1/2-1/2"]
[WhiteElo "2566"]
[BlackElo "2347"]
[PlyCount "59"]
[EventDate "2015.07.25"]
[EventType "swiss"]
[EventRounds "10"]
[EventCountry "DEN"]
[Source "ChessBase"]
[SourceDate "2015.09.14"]

1. Nf3 c5 2. c4 Nc6 3. Nc3 g6 4. e3 Nf6 5. d4 cxd4 6. exd4 d5 7. cxd5 Nxd5 8.
Qb3 Nxc3 9. Bc4 Nd5 10. Bxd5 e6 11. Bxc6+ bxc6 12. O-O Be7 13. Bf4 Qd5 14. Rfc1
f6 15. Rc3 Qxb3 16. axb3 Kd7 17. Nd2 g5 18. Bg3 Bb4 19. Rc2 Bb7 20. h4 h6 21.
Nc4 c5 22. dxc5 Bd5 23. Bd6 Kc6 24. Be7 gxh4 25. Ne3 Bxb3 26. Rcc1 Bd2 27. Rf1
h3 28. g3 f5 29. Bd6 a5 30. Kh2 1/2-1/2